LEADER 01300nam0 22002891i 450 001 SUN0010376 005 20071026120000.0 020 $aIT$b75 6346 100 $a20021125d1975 |0itac50 ba 101 $aita 102 $aIT 105 $a|||| ||||| 200 1 $aChiesa cattolica e comunitą politica$e(dal declino della teoria della potestas indirecta alle nuove impostazioni della canonistica post-conciliare)$fLuciano Musselli 210 $aPadova$cCedam$d1975 215 $aIX, 155 p.$d25 cm. 410 1$1001SUN0010971$12001 $aPubblicazioni della Universitą di Pavia. Studi nelle scienze giuridiche e sociali. N.S$v15$1210 $aPadova$cCEDAM. 606 $aChiesa e Stato$xStoria$2FI$3SUNC005600 620 $dPadova$3SUNL000007 676 $a322.1$cRapporti Stato - Chiese$v21 700 1$aMusselli$b, Luciano$3SUNV002401$0229367 712 $aCEDAM$3SUNV005537$4650 801 $aIT$bSOL$c20181109$gRICA 912 $aSUN0010376 950 $aUFFICIO DI BIBLIOTECA DEL DIPARTIMENTO DI GIURISPRUDENZA$d00 CONS XII.Ef.26 $e00 18464 995 $aUFFICIO DI BIBLIOTECA DEL DIPARTIMENTO DI GIURISPRUDENZA$h18464$kCONS XII.Ef.26$oc$qa 996 $aChiesa cattolica e comunitą politica$9699502 997 $aUNICAMPANIA LEADER 01381nam 22003853 450 001 9910497098303321 005 20210901203630.0 010 $a3-030-77302-7 035 $a(CKB)4100000011989916 035 $a(MiAaPQ)EBC6683172 035 $a(Au-PeEL)EBL6683172 035 $a(EXLCZ)994100000011989916 100 $a20210901d2021 uy 0 101 0 $aeng 135 $aurcnu|||||||| 181 $ctxt$2rdacontent 182 $cc$2rdamedia 183 $acr$2rdacarrier 200 10$aAdvances in Data Science and Intelligent Data Communication Technologies for COVID-19 $eInnovative Solutions Against COVID-19 210 1$aCham :$cSpringer International Publishing AG,$d2021. 210 4$d©2022. 215 $a1 online resource (311 pages) 225 1 $aStudies in Systems, Decision and Control Ser. ;$vv.378 311 $a3-030-77301-9 410 0$aStudies in Systems, Decision and Control Ser. 517 $aAdvances in Data Science and Intelligent Data Communication Technologies for COVID-19 608 $aElectronic books. 700 $aHassanien$b Aboul Ella$0846730 701 $aElghamrawy$b Sally M$0938236 701 $aZelinka$b Ivan$0847492 801 0$bMiAaPQ 906 $aBOOK 912 $a9910497098303321 996 $aAdvances in Data Science and Intelligent Data Communication Technologies for COVID-19$92113529 997 $aUNINA